|
|
|
|
| LEADER |
01056nam a2200289 a 4500 |
| 001 |
00024581 |
| 008 |
120314s2010 caua b 000 0 eng d |
| 020 |
|
|
|a 9781608453436
|
| 020 |
|
|
|a 9781608453429
|
| 022 |
|
|
|a 1947-4040
|
| 022 |
|
|
|a 1947-4059
|
| 040 |
|
|
|a BD-DhAAL
|c BD-DhAAL
|
| 082 |
0 |
4 |
|a 004
|2 22
|
| 100 |
1 |
|
|a Lin, Jimmy.
|
| 245 |
1 |
0 |
|a Data-intensive text processing with MapReduce /
|c Jimmy Lin,Chris Dyer
|
| 260 |
|
|
|a San Rafael, Calif. :
|b Morgan & Claypool Publishers,
|c c2010.
|
| 300 |
|
|
|a ix,165 p. :
|b ill. ;
|c 24 cm.
|
| 490 |
1 |
|
|a Synthesis lectures on human language technologies, lecture 7.
|
| 504 |
|
|
|a Includes bibliographical references (p. 149-163).
|
| 541 |
1 |
|
|e 0024581
|
| 650 |
|
0 |
|a Database management.
|
| 650 |
|
0 |
|a Cloud computing
|x Programming.
|
| 700 |
1 |
|
|a Dyer, Chris.
|
| 852 |
1 |
|
|a Ayesha Abed Library
|j General shelf
|
| 942 |
0 |
0 |
|0 1
|
| 999 |
|
|
|c 11963
|d 11963
|
| 952 |
|
|
|0 0
|1 0
|4 0
|6 004_LIN
|7 0
|9 19675
|a BRACUL
|b BRACUL
|c GEN
|d 2012-03-14
|e Trim Education
|g 3580.00
|l 2
|m 14
|o 004 LIN
|p 3010024581
|r 2018-08-14
|s 2015-09-20
|t 1
|w 2012-03-15
|y BK
|